000 01056nam a2200217Ia 4500
003 Ost
005 20260416102400.0
008 260416s9999||||xx |||||||||||||| ||und||
040 _cfsecg
041 _aara
082 _a174
100 _aبوهاني، فطيمة
_eمؤلف
245 0 _a الحكم الراشد وأخلاقيات المهنة :
_b الحكم الراشد وأخلاقيات المهنة /
_c فطيمة بوهاني
260 _aالجزائر
_bجامعة الجزائر3: كلية العلوم الإقتصادية، العلوم التجارية وعلوم التسيير
_c2021
300 _a137 ورقة
_bايض
_c30 سم
504 _aالمراجع ص.108
520 _aمدخل مفاهيمي الى حكم الراشد ،الاطار العام للفساد ، اخلاقيات المهنة.
653 _aالاخلاق المهنية
710 _aجامعة الجزائر3: كلية العلوم الإقتصادية، العلوم التجارية وعلوم التسيير
_eناشر علمي
942 _cHANDOUT
999 _c41375
_d41375